[Event "World Chess Olympiad 2018"]
[Site "Batumi"]
[Date "2018.10.02"]
[Round "8"]
[Board "4"]
[WhiteFideId "13201727"]
[White "Kang Taehyung"]
[BlackFideId "10301186"]
[Black "Alothman Salem"]
[Result "1-0"]
[LiveChessVersion "1.4.8"]
[BlackElo "1690"]
[WhiteElo "1860"]

1. e4 {[%clk 1:30:51]} e5 {[%clk 1:30:55]} 2. Nf3 {[%clk 1:31:17]} Nc6
{[%clk 1:31:20]} 3. Bc4 {[%clk 1:31:41]} Nf6 {[%clk 1:31:44]} 4. d3
{[%clk 1:32:05]} Bc5 {[%clk 1:32:08]} 5. c3 {[%clk 1:32:16]} d6 {[%clk 1:32:33]}
6. h3 {[%clk 1:32:10]} a6 {[%clk 1:32:14]} 7. Bb3 {[%clk 1:32:23]} h6
{[%clk 1:29:12]} 8. O-O {[%clk 1:32:31]} O-O {[%clk 1:28:44]} 9. Re1
{[%clk 1:31:57]} Be6 {[%clk 1:20:58]} 10. Nbd2 {[%clk 1:30:17]} Ne7
{[%clk 1:14:42]} 11. d4 {[%clk 1:29:12]} exd4 {[%clk 1:14:17]} 12. cxd4
{[%clk 1:28:34]} Bb4 {[%clk 1:09:30]} 13. Bxe6 {[%clk 1:28:45]} fxe6
{[%clk 1:07:07]} 14. Qb3 {[%clk 1:29:00]} Bxd2 {[%clk 1:04:32]} 15. Qxe6+
{[%clk 1:29:24]} Kh8 {[%clk 1:04:54]} 16. Bxd2 {[%clk 1:29:39]} d5
{[%clk 1:04:45]} 17. Ne5 {[%clk 1:28:13]} Kh7 {[%clk 0:50:56]} 18. exd5
{[%clk 1:26:34]} Nfxd5 {[%clk 0:48:29]} 19. Ng4 {[%clk 1:24:36]} Qc8
{[%clk 0:47:30]} 20. Qxc8 {[%clk 1:07:39]} Raxc8 {[%clk 0:47:39]} 21. Re5
{[%clk 1:03:35]} Rcd8 {[%clk 0:44:08]} 22. Rae1 {[%clk 0:56:01]} Nc6
{[%clk 0:31:17]} 23. R5e4 {[%clk 0:54:54]} Nf6 {[%clk 0:12:36]} 24. Nxf6+
{[%clk 0:54:14]} Rxf6 {[%clk 0:13:03]} 25. Bc3 {[%clk 0:53:52]} b5
{[%clk 0:12:45]} 26. d5 {[%clk 0:53:56]} Rxd5 {[%clk 0:08:37]} 27. Bxf6
{[%clk 0:54:15]} gxf6 {[%clk 0:08:58]} 28. Re6 {[%clk 0:53:06]} 1-0

[Event "World Chess Olympiad 2018"]
[Site "Batumi"]
[Date "2018.10.02"]
[Round "8"]
[Board "1"]
[WhiteFideId "806404"]
[White "Efimov Igor"]
[BlackFideId "8400709"]
[Black "Gavarrete Nahun"]
[Result "1-0"]
[LiveChessVersion "1.4.8"]
[BlackElo "2249"]
[WhiteElo "2421"]

1. d4 {[%clk 1:29:18]} c5 {[%clk 1:30:53]} 2. c3 {[%clk 1:29:02]} g6
{[%clk 1:31:11]} 3. dxc5 {[%clk 1:28:56]} Bg7 {[%clk 1:31:37]} 4. Nd2
{[%clk 1:29:03]} Na6 {[%clk 1:29:51]} 5. Nb3 {[%clk 1:29:26]} Qc7
{[%clk 1:28:04]} 6. Be3 {[%clk 1:24:27]} Nf6 {[%clk 1:28:23]} 7. h3
{[%clk 1:24:47]} O-O {[%clk 1:24:20]} 8. Nf3 {[%clk 1:25:02]} Ne4
{[%clk 1:24:07]} 9. Qd5 {[%clk 1:25:07]} Nxc3 {[%clk 1:24:14]} 10. bxc3
{[%clk 1:25:12]} Bxc3+ {[%clk 1:24:40]} 11. Nfd2 {[%clk 1:13:52]} Bxa1
{[%clk 1:24:13]} 12. Nxa1 {[%clk 1:14:20]} d6 {[%clk 1:24:32]} 13. Bh6
{[%clk 1:05:59]} Rd8 {[%clk 1:19:32]} 14. Qd4 {[%clk 1:00:42]} f6
{[%clk 1:05:04]} 15. e4 {[%clk 0:52:59]} Qxc5 {[%clk 0:57:56]} 16. Bc4+
{[%clk 0:52:43]} Kh8 {[%clk 0:57:59]} 17. Nab3 {[%clk 0:51:30]} Qxd4
{[%clk 0:57:47]} 18. Nxd4 {[%clk 0:51:57]} Nc7 {[%clk 0:55:47]} 19. O-O
{[%clk 0:48:33]} Bd7 {[%clk 0:48:50]} 20. f4 {[%clk 0:45:05]} Rac8
{[%clk 0:44:29]} 21. Bb3 {[%clk 0:39:05]} Nb5 {[%clk 0:42:18]} 22. Ne6
{[%clk 0:38:37]} Bxe6 {[%clk 0:42:15]} 23. Bxe6 {[%clk 0:39:05]} Rc5
{[%clk 0:41:41]} 24. f5 {[%clk 0:32:12]} Nd4 {[%clk 0:35:08]} 25. Bd5
{[%clk 0:31:20]} Nxf5 {[%clk 0:32:41]} 26. Bf4 {[%clk 0:31:07]} Ng7
{[%clk 0:27:57]} 27. Bxb7 {[%clk 0:30:34]} Rb8 {[%clk 0:18:54]} 28. Bd5
{[%clk 0:30:51]} Rb2 {[%clk 0:17:56]} 29. Bb3 {[%clk 0:29:03]} Rc3
{[%clk 0:14:59]} 30. e5 {[%clk 0:24:24]} Nh5 {[%clk 0:13:27]} 31. exf6
{[%clk 0:24:37]} Nxf6 {[%clk 0:11:19]} 32. Re1 {[%clk 0:20:00]} 1-0

[Event "World Chess Olympiad 2018"]
[Site "Batumi"]
[Date "2018.10.02"]
[Round "8"]
[Board "3"]
[WhiteFideId "623830"]
[White "Nelis Jean-Francois"]
[BlackFideId "2212552"]
[Black "Huguet Sergio"]
[Result "1/2-1/2"]
[LiveChessVersion "1.4.8"]
[BlackElo "2053"]
[WhiteElo "2154"]

1. b3 {[%clk 1:30:54]} e5 {[%clk 1:29:53]} 2. Bb2 {[%clk 1:31:17]} Nc6
{[%clk 1:30:06]} 3. c4 {[%clk 1:31:38]} Nf6 {[%clk 1:27:34]} 4. e3
{[%clk 1:31:59]} Be7 {[%clk 1:20:20]} 5. a3 {[%clk 1:26:03]} O-O {[%clk 1:18:36]}
6. Qc2 {[%clk 1:25:33]} Re8 {[%clk 1:14:29]} 7. d3 {[%clk 1:25:40]} d5
{[%clk 1:13:24]} 8. cxd5 {[%clk 1:26:03]} Nxd5 {[%clk 1:12:09]} 9. Nf3
{[%clk 1:24:46]} Bf8 {[%clk 0:57:57]} 10. Be2 {[%clk 1:24:50]} Qd6
{[%clk 0:52:58]} 11. O-O {[%clk 1:19:17]} Qg6 {[%clk 0:50:29]} 12. Rd1
{[%clk 1:07:20]} Bh3 {[%clk 0:49:41]} 13. Bf1 {[%clk 1:05:08]} Rad8
{[%clk 0:49:31]} 14. Kh1 {[%clk 0:57:55]} Bg4 {[%clk 0:47:39]} 15. Nbd2
{[%clk 0:56:14]} Qh5 {[%clk 0:44:32]} 16. b4 {[%clk 0:52:43]} Re6
{[%clk 0:42:53]} 17. b5 {[%clk 0:46:29]} Nce7 {[%clk 0:42:01]} 18. Re1
{[%clk 0:44:51]} Ng6 {[%clk 0:36:56]} 19. h3 {[%clk 0:41:55]} Bd6
{[%clk 0:33:08]} 20. Qc4 {[%clk 0:38:53]} Ngf4 {[%clk 0:26:55]} 21. exf4
{[%clk 0:38:32]} Nxf4 {[%clk 0:27:04]} 22. Ng1 {[%clk 0:30:03]} Rg6
{[%clk 0:24:23]} 23. Re3 {[%clk 0:29:38]} Be6 {[%clk 0:19:28]} 24. Qc2
{[%clk 0:26:56]} Nd5 {[%clk 0:15:20]} 25. Rg3 {[%clk 0:24:57]} Rxg3
{[%clk 0:14:37]} 26. fxg3 {[%clk 0:25:25]} Ne3 {[%clk 0:14:45]} 27. Qc1
{[%clk 0:22:18]} Ng4 {[%clk 0:13:41]} 28. Qe1 {[%clk 0:19:21]} Bd5
{[%clk 0:08:48]} 29. Be2 {[%clk 0:17:16]} f5 {[%clk 0:06:36]} 30. Bxg4
{[%clk 0:13:41]} fxg4 {[%clk 0:06:57]} 31. Qe2 {[%clk 0:14:03]} Qh6
{[%clk 0:04:35]} 32. Ne4 {[%clk 0:14:11]} gxh3 {[%clk 0:03:59]} 33. gxh3
{[%clk 0:14:25]} Bc5 {[%clk 0:03:51]} 34. Bc1 {[%clk 0:11:53]} Qg6
{[%clk 0:02:10]} 35. Nf3 {[%clk 0:05:02]} Bxe4 {[%clk 0:02:19]} 36. Qxe4
{[%clk 0:04:38]} Qxg3 {[%clk 0:02:23]} 37. Bb2 {[%clk 0:03:25]} Qxh3+
{[%clk 0:02:33]} 38. Nh2 {[%clk 0:03:54]} Bd4 {[%clk 0:00:55]} 39. Bxd4
{[%clk 0:03:50]} exd4 {[%clk 0:00:54]} 40. Rf1 {[%clk 0:33:33]} h6
{[%clk 0:30:50]} 41. Qxb7 {[%clk 0:33:46]} Qxd3 {[%clk 0:29:54]} 42. Qxc7
{[%clk 0:32:27]} Qe4+ {[%clk 0:26:50]} 43. Kg1 {[%clk 0:29:40]} Qg6+
{[%clk 0:25:24]} 44. Kh1 {[%clk 0:29:50]} Qe4+ {[%clk 0:25:38]} 45. Kg1
{[%clk 0:26:58]} Qg6+ {[%clk 0:25:48]} 46. Kh1 {[%clk 0:26:23]} 1/2-1/2

[Event "World Chess Olympiad 2018"]
[Site "Batumi"]
[Date "2018.10.02"]
[Round "8"]
[Board "4"]
[WhiteFideId "8400342"]
[White "Medina Viana Ricardo"]
[BlackFideId "5400422"]
[Black "Lomandong Marc-Antoine"]
[Result "0-1"]
[LiveChessVersion "1.4.8"]
[BlackElo "2035"]
[WhiteElo "2048"]

1. e4 {[%clk 1:30:57]} g6 {[%clk 1:30:56]} 2. d4 {[%clk 1:31:08]} Bg7
{[%clk 1:31:22]} 3. Nf3 {[%clk 1:31:29]} c6 {[%clk 1:31:46]} 4. c3
{[%clk 1:29:22]} d5 {[%clk 1:32:11]} 5. Nbd2 {[%clk 1:28:55]} Bg4
{[%clk 1:31:23]} 6. h3 {[%clk 1:28:48]} Bxf3 {[%clk 1:31:48]} 7. Qxf3
{[%clk 1:29:05]} Nh6 {[%clk 1:31:53]} 8. Bd3 {[%clk 1:21:17]} O-O
{[%clk 1:31:03]} 9. O-O {[%clk 1:21:09]} f6 {[%clk 1:31:30]} 10. exd5
{[%clk 1:21:02]} cxd5 {[%clk 1:28:46]} 11. Bc2 {[%clk 1:20:01]} Nf7
{[%clk 1:13:43]} 12. Bb3 {[%clk 1:12:05]} e6 {[%clk 1:13:26]} 13. Re1
{[%clk 1:12:18]} Re8 {[%clk 1:13:16]} 14. Nf1 {[%clk 1:12:38]} Nc6
{[%clk 1:13:33]} 15. Ng3 {[%clk 1:03:00]} Rc8 {[%clk 1:06:26]} 16. Be3
{[%clk 0:58:01]} b5 {[%clk 1:05:12]} 17. a3 {[%clk 0:47:53]} Na5 {[%clk 1:01:46]}
18. Ba2 {[%clk 0:47:20]} a6 {[%clk 0:53:07]} 19. Rad1 {[%clk 0:47:38]} Nc4
{[%clk 0:49:07]} 20. Bc1 {[%clk 0:47:52]} f5 {[%clk 0:36:37]} 21. Re2
{[%clk 0:38:22]} Ng5 {[%clk 0:32:45]} 22. Qd3 {[%clk 0:38:39]} Qf6
{[%clk 0:30:41]} 23. Nf1 {[%clk 0:36:40]} f4 {[%clk 0:29:29]} 24. f3
{[%clk 0:36:34]} Rcd8 {[%clk 0:26:31]} 25. Bb1 {[%clk 0:33:12]} e5
{[%clk 0:16:38]} 26. dxe5 {[%clk 0:19:22]} Nxe5 {[%clk 0:17:00]} 27. Qc2
{[%clk 0:17:57]} Qb6+ {[%clk 0:08:18]} 28. Kh1 {[%clk 0:11:16]} Nexf3
{[%clk 0:07:05]} 29. Rf2 Ne1 {[%clk 0:07:20]} 30. Rxe1 {[%clk 0:03:17]} Rxe1 31.
Bxf4 {[%clk 0:03:07]} Nxh3 {[%clk 0:03:54]} 32. gxh3 {[%clk 0:03:14]} Rxb1
{[%clk 0:04:15]} 33. Kg2 {[%clk 0:01:54]} Re1 {[%clk 0:03:47]} 34. Qd2
{[%clk 0:02:12]} Ree8 {[%clk 0:02:47]} 35. Bg5 {[%clk 0:01:51]} Rd7
{[%clk 0:02:13]} 36. Nh2 {[%clk 0:01:08]} Qc6 {[%clk 0:01:25]} 37. Ng4
{[%clk 0:00:56]} d4+ {[%clk 0:01:13]} 38. Kh2 {[%clk 0:01:16]} dxc3
{[%clk 0:00:58]} 39. Qc2 {[%clk 0:00:43]} Re1 {[%clk 0:00:49]} 40. bxc3
{[%clk 0:30:33]} Rh1+ {[%clk 0:30:49]} 41. Kg3 {[%clk 0:30:59]} Rg1+
{[%clk 0:15:09]} 42. Kh4 {[%clk 0:30:39]} h5 {[%clk 0:06:38]} 43. Nf6+
{[%clk 0:29:04]} Bxf6 {[%clk 0:05:06]} 44. Bxf6 {[%clk 0:21:33]} Qc4+
{[%clk 0:05:04]} 45. Bd4 {[%clk 0:20:28]} Rxd4+ {[%clk 0:05:28]} 0-1

[Event "World Chess Olympiad 2018"]
[Site "Batumi"]
[Date "2018.10.02"]
[Round "8"]
[Board "1"]
[WhiteFideId "6702309"]
[White "Giron Jorge Ernesto"]
[BlackFideId "11503017"]
[Black "Miqdad Fadi"]
[Result "0-1"]
[LiveChessVersion "1.4.8"]
[BlackElo "1964"]
[WhiteElo "2303"]

1. e4 {[%clk 1:30:40]} c6 {[%clk 1:30:43]} 2. d4 {[%clk 1:31:04]} d5
{[%clk 1:31:01]} 3. e5 {[%clk 1:31:28]} c5 {[%clk 1:29:09]} 4. dxc5
{[%clk 1:30:05]} e6 {[%clk 1:28:32]} 5. Be3 {[%clk 1:28:54]} Nd7 {[%clk 1:26:07]}
6. Nf3 {[%clk 1:26:28]} Bxc5 {[%clk 1:21:47]} 7. Bxc5 {[%clk 1:24:21]} Nxc5
{[%clk 1:21:50]} 8. Nc3 {[%clk 1:23:34]} Bd7 {[%clk 1:20:13]} 9. Qd4
{[%clk 1:23:04]} Qb6 {[%clk 1:18:18]} 10. b4 {[%clk 1:15:48]} Na4
{[%clk 1:14:12]} 11. Nxa4 {[%clk 1:15:54]} Bxa4 {[%clk 1:06:13]} 12. Qxb6
{[%clk 1:16:03]} axb6 {[%clk 1:06:33]} 13. Nd4 {[%clk 1:16:27]} Ne7
{[%clk 1:03:30]} 14. b5 {[%clk 1:16:50]} Ng6 {[%clk 1:02:34]} 15. Kd2
{[%clk 1:12:41]} Nxe5 {[%clk 0:57:06]} 16. Rb1 {[%clk 1:12:59]} Nd7
{[%clk 0:55:01]} 17. f4 {[%clk 1:09:56]} Nc5 {[%clk 0:53:45]} 18. Bd3
{[%clk 1:10:20]} Kd7 {[%clk 0:50:33]} 19. Rhe1 {[%clk 1:09:18]} Rhe8
{[%clk 0:49:33]} 20. Rb4 {[%clk 1:06:35]} f6 {[%clk 0:45:14]} 21. c4
{[%clk 0:59:16]} e5 {[%clk 0:39:03]} 22. Nf5 {[%clk 0:59:40]} exf4
{[%clk 0:29:04]} 23. Rxe8 {[%clk 0:59:46]} Rxe8 {[%clk 0:25:04]} 24. cxd5
{[%clk 1:00:14]} Re5 {[%clk 0:20:08]} 25. Nd4 {[%clk 0:47:00]} Rxd5
{[%clk 0:19:21]} 26. Bxh7 {[%clk 0:47:13]} Bxb5 {[%clk 0:12:46]} 27. Bf5+
{[%clk 0:44:45]} Kc7 {[%clk 0:11:38]} 28. Kc3 {[%clk 0:44:54]} Bf1
{[%clk 0:11:27]} 29. Bh3 {[%clk 0:44:45]} f3 {[%clk 0:09:04]} 30. Nxf3
{[%clk 0:44:57]} Rd3+ {[%clk 0:09:26]} 31. Kc2 {[%clk 0:45:23]} Rxf3
{[%clk 0:09:22]} 32. gxf3 {[%clk 0:45:48]} Bxh3 {[%clk 0:09:47]} 33. Rh4
{[%clk 0:45:35]} Bf5+ {[%clk 0:10:09]} 34. Kc3 {[%clk 0:46:00]} Kc6
{[%clk 0:08:16]} 35. Rh8 {[%clk 0:46:10]} Kd6 {[%clk 0:06:04]} 36. Kc4
{[%clk 0:43:58]} Bd3+ {[%clk 0:05:48]} 37. Kd4 {[%clk 0:44:24]} Ke6
{[%clk 0:05:38]} 38. Re8+ {[%clk 0:42:12]} Kf5 {[%clk 0:05:38]} 39. Ke3
{[%clk 0:41:44]} Bb5 {[%clk 0:05:18]} 40. Rg8 {[%clk 1:06:13]} g5
{[%clk 0:35:13]} 41. a3 {[%clk 1:06:38]} Bc6 {[%clk 0:35:24]} 42. h4
{[%clk 1:06:55]} gxh4 {[%clk 0:35:21]} 43. Rg4 {[%clk 1:07:20]} h3
{[%clk 0:34:16]} 44. Rh4 {[%clk 1:07:41]} Ne6 {[%clk 0:32:31]} 45. Rxh3
{[%clk 1:06:52]} Ng5 {[%clk 0:32:47]} 46. Rh1 {[%clk 1:06:10]} Nxf3
{[%clk 0:32:48]} 47. Rh5+ {[%clk 1:03:10]} Kg4 {[%clk 0:32:43]} 48. Rh6
{[%clk 1:03:34]} f5 {[%clk 0:32:49]} 49. Rg6+ {[%clk 1:03:28]} Ng5
{[%clk 0:33:04]} 50. a4 {[%clk 1:03:39]} f4+ {[%clk 0:33:27]} 51. Kf2
{[%clk 1:04:04]} Kf5 {[%clk 0:33:37]} 52. Rh6 {[%clk 1:04:22]} Ne4+
{[%clk 0:33:34]} 53. Kf1 {[%clk 1:04:42]} f3 {[%clk 0:32:30]} 54. Rh8
{[%clk 1:04:45]} Kf4 {[%clk 0:32:49]} 55. Rf8+ {[%clk 1:04:29]} Ke3
{[%clk 0:33:11]} 0-1

[Event "World Chess Olympiad 2018"]
[Site "Batumi"]
[Date "2018.10.02"]
[Round "8"]
[Board "2"]
[WhiteFideId "11502398"]
[White "Wazwaz Amjad"]
[BlackFideId "6700098"]
[Black "Chavez Ricardo Ernesto"]
[Result "1-0"]
[LiveChessVersion "1.4.8"]
[BlackElo "2244"]
[WhiteElo "1986"]

1. d4 {[%clk 1:27:32]} Nf6 {[%clk 1:30:53]} 2. Nf3 {[%clk 1:27:50]} c5
{[%clk 1:30:37]} 3. d5 {[%clk 1:28:00]} e6 {[%clk 1:31:00]} 4. c4
{[%clk 1:27:39]} exd5 {[%clk 1:31:16]} 5. cxd5 {[%clk 1:28:01]} d6
{[%clk 1:31:36]} 6. Nc3 {[%clk 1:27:44]} g6 {[%clk 1:31:59]} 7. e4
{[%clk 1:26:40]} Bg7 {[%clk 1:32:20]} 8. Bb5+ {[%clk 1:26:53]} Nbd7
{[%clk 1:28:06]} 9. O-O {[%clk 1:26:50]} O-O {[%clk 1:28:29]} 10. Bg5
{[%clk 1:27:11]} h6 {[%clk 1:26:35]} 11. Bf4 {[%clk 1:27:10]} Qe7
{[%clk 1:26:50]} 12. Re1 {[%clk 1:26:56]} g5 {[%clk 1:25:11]} 13. Bxd6
{[%clk 1:25:20]} Qxd6 {[%clk 1:25:10]} 14. e5 {[%clk 1:25:45]} Qb6
{[%clk 1:22:01]} 15. e6 {[%clk 1:24:59]} a6 {[%clk 1:12:30]} 16. Qa4
{[%clk 1:18:08]} Rd8 {[%clk 1:08:01]} 17. Rad1 {[%clk 1:07:43]} Rb8
{[%clk 0:57:25]} 18. Bxd7 {[%clk 0:55:05]} Nxd7 {[%clk 0:57:14]} 19. e7
{[%clk 0:46:45]} Re8 {[%clk 0:56:18]} 20. d6 {[%clk 0:47:02]} Qc6
{[%clk 0:47:17]} 21. Qc2 {[%clk 0:42:26]} b5 {[%clk 0:46:25]} 22. Ne4
{[%clk 0:41:46]} Bb7 {[%clk 0:45:51]} 23. Ng3 {[%clk 0:34:43]} Ne5
{[%clk 0:35:00]} 24. Rxe5 {[%clk 0:31:47]} Bxe5 {[%clk 0:33:53]} 25. Nf5
{[%clk 0:32:13]} Bd4 {[%clk 0:28:11]} 26. Nxh6+ {[%clk 0:31:48]} Kg7
{[%clk 0:27:49]} 27. Nf5+ {[%clk 0:31:44]} Kf6 {[%clk 0:25:59]} 28. Re1
{[%clk 0:26:24]} Rh8 {[%clk 0:23:29]} 29. Qd2 {[%clk 0:25:55]} Rhg8
{[%clk 0:18:40]} 30. Nh6 {[%clk 0:19:57]} Rg6 {[%clk 0:14:10]} 31. h4
{[%clk 0:18:17]} gxh4 {[%clk 0:06:38]} 32. Qf4+ {[%clk 0:15:56]} Kg7
{[%clk 0:07:02]} 33. Nf5+ {[%clk 0:15:51]} Kg8 {[%clk 0:05:15]} 34. d7
{[%clk 0:15:59]} Qxf3 {[%clk 0:00:35]} 35. e8=Q+ {[%clk 0:15:59]} Kh7
{[%clk 0:00:43]} 36. Qxh4+ {[%clk 0:16:21]} 1-0

[Event "World Chess Olympiad 2018"]
[Site "Batumi"]
[Date "2018.10.02"]
[Round "8"]
[Board "3"]
[WhiteFideId "6700284"]
[White "Arias Lemnys A."]
[BlackFideId "11501731"]
[Black "Allam Mohamed"]
[Result "1-0"]
[LiveChessVersion "1.4.8"]
[BlackElo "1948"]
[WhiteElo "2294"]

1. d4 {[%clk 1:30:45]} Nf6 {[%clk 1:30:29]} 2. c4 {[%clk 1:29:55]} e6
{[%clk 1:30:44]} 3. Nf3 {[%clk 1:30:14]} d5 {[%clk 1:30:53]} 4. g3
{[%clk 1:30:35]} Bb4+ {[%clk 1:29:20]} 5. Bd2 {[%clk 1:30:56]} Be7
{[%clk 1:29:45]} 6. Bg2 {[%clk 1:31:16]} c6 {[%clk 1:29:18]} 7. Qc2
{[%clk 1:31:12]} O-O {[%clk 1:29:13]} 8. O-O {[%clk 1:31:31]} Nbd7
{[%clk 1:29:19]} 9. Rd1 {[%clk 1:22:24]} Ne4 {[%clk 1:28:41]} 10. Be1
{[%clk 1:22:48]} f5 {[%clk 1:26:04]} 11. Nc3 {[%clk 1:23:15]} Bf6
{[%clk 1:21:57]} 12. Qd3 {[%clk 1:17:36]} Qe8 {[%clk 1:17:20]} 13. Nd2
{[%clk 1:17:28]} Nd6 {[%clk 1:11:59]} 14. e3 {[%clk 1:16:46]} g5 {[%clk 1:09:57]}
15. Rac1 {[%clk 1:16:09]} Bg7 {[%clk 1:07:53]} 16. b3 {[%clk 1:16:27]} Nf6
{[%clk 1:03:55]} 17. Nf3 {[%clk 1:14:43]} Qh5 {[%clk 1:01:00]} 18. Ne5
{[%clk 1:14:45]} Ng4 {[%clk 0:51:19]} 19. Nxg4 {[%clk 1:14:51]} Qxg4
{[%clk 0:48:46]} 20. f3 {[%clk 1:10:03]} Qh5 {[%clk 0:49:10]} 21. e4
{[%clk 1:10:27]} fxe4 {[%clk 0:43:59]} 22. fxe4 {[%clk 1:10:48]} dxe4
{[%clk 0:43:53]} 23. Nxe4 {[%clk 1:10:43]} Nf5 {[%clk 0:43:13]} 24. Bc3
{[%clk 1:10:57]} Rd8 {[%clk 0:42:32]} 25. d5 {[%clk 1:10:37]} Qg6
{[%clk 0:37:18]} 26. Bxg7 {[%clk 1:07:13]} Qxg7 {[%clk 0:32:24]} 27. d6
{[%clk 1:07:29]} Kh8 {[%clk 0:30:21]} 28. c5 {[%clk 1:05:47]} Bd7
{[%clk 0:28:37]} 29. Re1 {[%clk 1:04:08]} Rf8 {[%clk 0:28:09]} 30. Rcd1
{[%clk 1:03:45]} Rae8 {[%clk 0:26:56]} 31. Qd2 {[%clk 1:02:38]} h6
{[%clk 0:26:44]} 32. Nf2 {[%clk 0:58:25]} b6 {[%clk 0:24:36]} 33. b4
{[%clk 0:55:36]} Rb8 {[%clk 0:23:40]} 34. Nd3 {[%clk 0:55:45]} Qd4+
{[%clk 0:20:52]} 35. Kh1 {[%clk 0:54:35]} bxc5 {[%clk 0:19:48]} 36. Nxc5
{[%clk 0:54:04]} Qxd2 {[%clk 0:19:08]} 37. Rxd2 {[%clk 0:54:30]} Rf7
{[%clk 0:17:36]} 38. a3 {[%clk 0:53:26]} Rd8 {[%clk 0:17:22]} 39. Kg1
{[%clk 0:53:33]} Kg7 {[%clk 0:12:54]} 40. Rxe6 {[%clk 1:22:11]} Rf6
{[%clk 0:42:05]} 41. Re7+ {[%clk 1:22:11]} Rf7 {[%clk 0:40:24]} 42. Rxf7+
{[%clk 1:22:27]} Kxf7 {[%clk 0:40:45]} 43. Nxd7 {[%clk 1:22:49]} Rxd7
{[%clk 0:40:59]} 44. Rf2 {[%clk 1:23:06]} Ke6 {[%clk 0:40:36]} 45. Bh3
{[%clk 1:23:29]} Rxd6 {[%clk 0:40:50]} 46. Rxf5 {[%clk 1:23:47]} Rd4
{[%clk 0:40:15]} 47. Rxg5+ {[%clk 1:24:04]} 1-0

[Event "World Chess Olympiad 2018"]
[Site "Batumi"]
[Date "2018.10.02"]
[Round "8"]
[Board "4"]
[WhiteFideId "3400085"]
[White "Michel Yunis Christian D."]
[BlackFideId "6700187"]
[Black "Burgos Figueroa Carlos E."]
[Result "0-1"]
[LiveChessVersion "1.4.8"]
[BlackElo "2222"]
[WhiteElo "2233"]

1. d4 Nf6 2. c4 c5 3. d5 b5 4. Qc2 e6 5. e4 bxc4 6. Bxc4 exd5 7. exd5 d6 8. Nc3
Be7 9. Nf3 O-O 10. O-O Bg4 11. Nd2 Re8 12. h3 Bc8 13. Re1 Nbd7 14. a4 a6 15. b3
Bb7 16. Nf3 Nf8 17. Bb2 Ng6 18. Qd2 Qa5 19. Re3 Bf8 20. Rxe8 Rxe8 21. Re1 Rxe1+
22. Qxe1 Nf4 23. Qd2 N6h5 24. Kh2 Ng6 25. Qg5 Nf6 26. Qe3 Qd8 27. Qd3 Qa8 28. Ne4
Nxe4 29. Qxe4 Qd8 30. g3 Qe7 31. Qd3 Bc8 32. h4 Qd7 33. Kg1 Qg4 34. Nh2 Qh5 35.
Qf3 Qxf3 36. Nxf3 Ne7 37. Nd2 Bb7 38. Kf1 Nxd5 39. Ke2 Nc7 40. Bc3 d5 41. Bd3 Ne6
42. Nf3 g6 43. Ne5 Bg7 44. f4 f5 45. h5 Bxe5 46. Bxe5 Kf7 47. hxg6+ hxg6 48. Kf2
Bc8 49. Be2 Ke7 50. g4 fxg4 51. Bxg4 Nxf4 52. Bxc8 Nd3+ 53. Ke3 Nxe5 54. Bxa6 g5
55. Bc8 Nc6 56. Bg4 Kd6 57. Bd1 Ke5 58. Be2 Na5 59. Bd1 g4 60. Bxg4 Nxb3 61. Kd3
Na5 62. Bh5 Kd6 63. Kc3 Nc6 64. Be2 Ke5 65. Bh5 Na5 66. Bf7 Ke4 67. Kc2 d4 68.
Kd2 c4 69. Kc2 Ke5 70. Kd2 Kd6 71. Kc2 Kc5 72. Be8 Kb4 73. Bd7 Nb3 74. Be6 d3+
75. Kd1 c3 0-1

[Event "World Chess Olympiad 2018"]
[Site "Batumi"]
[Date "2018.10.02"]
[Round "8"]
[Board "1"]
[WhiteFideId "6900224"]
[White "De La Riva Aguado Oscar"]
[BlackFideId "7700768"]
[Black "Johnson Joshua"]
[Result "1-0"]
[LiveChessVersion "1.4.8"]
[BlackElo "2261"]
[WhiteElo "2475"]

1. e4 {[%clk 1:30:56]} e5 {[%clk 1:30:56]} 2. Nc3 {[%clk 1:30:58]} Nc6
{[%clk 1:30:27]} 3. g3 {[%clk 1:31:11]} Nf6 {[%clk 1:26:55]} 4. Bg2
{[%clk 1:31:12]} Bc5 {[%clk 1:27:20]} 5. Nge2 {[%clk 1:30:13]} a6
{[%clk 1:25:53]} 6. d3 {[%clk 1:30:12]} d6 {[%clk 1:24:36]} 7. O-O
{[%clk 1:28:32]} Be6 {[%clk 1:24:41]} 8. Nd5 {[%clk 1:27:09]} Bg4
{[%clk 1:10:33]} 9. h3 {[%clk 1:15:04]} Bxe2 {[%clk 1:09:20]} 10. Nxf6+
{[%clk 1:04:03]} Qxf6 {[%clk 1:09:11]} 11. Qxe2 {[%clk 1:04:28]} Nd4
{[%clk 1:06:34]} 12. Qd1 {[%clk 1:02:54]} Ne6 {[%clk 1:06:05]} 13. c3
{[%clk 1:02:31]} O-O-O {[%clk 0:43:45]} 14. Kh1 {[%clk 0:52:36]} g5
{[%clk 0:42:49]} 15. b4 {[%clk 0:51:11]} Ba7 {[%clk 0:40:23]} 16. Be3
{[%clk 0:51:32]} Kb8 {[%clk 0:40:46]} 17. b5 {[%clk 0:49:35]} axb5
{[%clk 0:36:15]} 18. Qb1 {[%clk 0:40:55]} g4 {[%clk 0:21:00]} 19. h4
{[%clk 0:40:17]} Bxe3 {[%clk 0:21:03]} 20. fxe3 {[%clk 0:40:24]} Qh6
{[%clk 0:21:31]} 21. Qe1 {[%clk 0:36:09]} b6 {[%clk 0:10:18]} 22. Rxf7
{[%clk 0:32:14]} Rhf8 {[%clk 0:10:07]} 23. Rf5 {[%clk 0:30:50]} Ng7
{[%clk 0:10:21]} 24. Rxf8 {[%clk 0:29:08]} Rxf8 {[%clk 0:10:51]} 25. Qe2
{[%clk 0:24:48]} Qe6 {[%clk 0:05:55]} 26. Rb1 {[%clk 0:24:36]} h5
{[%clk 0:02:19]} 27. Rxb5 {[%clk 0:24:45]} Qf7 {[%clk 0:02:30]} 28. Kg1
{[%clk 0:24:17]} Kb7 {[%clk 0:02:36]} 29. d4 {[%clk 0:22:45]} Ra8
{[%clk 0:02:55]} 30. c4 {[%clk 0:22:39]} Ne6 {[%clk 0:02:15]} 31. Qb2
{[%clk 0:19:59]} Nd8 {[%clk 0:00:38]} 32. Rd5 {[%clk 0:07:56]} Nc6
{[%clk 0:00:35]} 33. c5 {[%clk 0:04:56]} dxc5 {[%clk 0:00:36]} 34. dxc5
{[%clk 0:05:13]} Qe7 {[%clk 0:01:01]} 35. Bf1 {[%clk 0:04:55]} Ra5
{[%clk 0:00:38]} 36. cxb6 {[%clk 0:04:27]} cxb6 {[%clk 0:00:37]} 37. Bb5
{[%clk 0:04:40]} Nb8 {[%clk 0:00:31]} 38. a4 {[%clk 0:04:50]} Qf6
{[%clk 0:00:31]} 39. Qxe5 {[%clk 0:04:40]} Qf3 {[%clk 0:00:52]} 40. Qf4
{[%clk 0:34:37]} Ra7 {[%clk 0:30:55]} 41. Qxf3 {[%clk 0:34:43]} gxf3
{[%clk 0:31:25]} 42. Rxh5 {[%clk 0:35:04]} Ka8 {[%clk 0:31:42]} 43. Kf2
{[%clk 0:34:51]} Rf7 {[%clk 0:32:01]} 44. Rf5 {[%clk 0:35:12]} Re7
{[%clk 0:32:19]} 45. Kxf3 {[%clk 0:35:28]} Nd7 {[%clk 0:32:46]} 46. Bxd7
{[%clk 0:35:34]} Rxd7 {[%clk 0:33:14]} 47. h5 {[%clk 0:35:50]} Ra7
{[%clk 0:33:29]} 48. h6 {[%clk 0:36:07]} Rh7 {[%clk 0:33:55]} 49. Rf6
{[%clk 0:36:30]} Ka7 {[%clk 0:34:20]} 50. Kf4 {[%clk 0:36:32]} 1-0